| 000 | 00000nam##2200000za#4500 |
| 001 | 9.581425 |
| 003 | CaOODSP |
| 005 | 20210624191517 |
| 007 | cr ||||||||||| |
| 008 | 150406|2015||||xxc|||||o f|0| 0 eng|d |
| 020 | |a978-1-100-25570-5 |
| 022 | |a1488-5417 |
| 040 | |aCaOODSP|beng |
| 043 | |an-cn--- |
| 086 | 1 |aFs97-18/305E-PDF |
| 110 | 1 |aCanada. |bDepartment of Fisheries and Oceans. |
| 245 | 10|aCanada wide benthic scope for growth : |h[electronic resource]|bpreliminary classification / |c[by] V. Kostylev, C. Hannah, V. Soukhovtsev, C. Dickson. |
| 260 | |aDartmouth - Nova Scotia : |bFisheries and Oceans Canada |c2015. |
| 300 | |a32p.|bfigs., references, table |
| 490 | 1 |aCanadian technical report of hydrography and ocean sciences|x1488-5417|v305 |
| 546 | |a(Résumé en français) |
| 590 | |a15-12|b2015-03-20 |
| 830 | #0|aCanadian technical report of hydrography and ocean sciences,|x1488-5417|v305|w(CaOODSP)9.504781 |
| 856 | 40|ahttp://publications.gc.ca|qPDF|s1.46 MB|uhttps://publications.gc.ca/collections/collection_2015/mpo-dfo/Fs97-18-305-eng.pdf|y305 |